Спектральная и эквиденситометрическая диагностика плазмы дуги; Spectral and Equidensitometry Diagnostics of Electric Arc Plasma

Bibliografiset tiedot
Päätekijä: Аубрехт В. Владимир
Muut tekijät: Гросс Б. Болеслав, Протасевич Е. Евгений
Yhteenveto:На английском языке.
Kieli:englanti
Julkaistu: Томск, Изд-во ТПУ, 1999
Aiheet:
Aineistotyyppi: Kirja
KOHA link:https://koha.lib.tpu.ru/cgi-bin/koha/opac-detail.pl?biblionumber=13400

MARC

LEADER 00000nam0a2200000 4500
001 13400
005 20231030184943.0
010 |a 189826444 
035 |a (RuTPU)RU\TPU\book\13482 
035 |a BOOK00013550 
090 |a 13400 
100 |a 20011209d1999 k y0rusy50 ca 
101 0 |a eng 
102 |a RU 
105 |a y z 000zy 
200 1 |a Спектральная и эквиденситометрическая диагностика плазмы дуги  |a Spectral and Equidensitometry Diagnostics of Electric Arc Plasma  |f В. Аубрехт, Б. Гросс, Е. Протасевич 
210 |a Томск  |c Изд-во ТПУ  |d 1999 
215 |a 130 с. 
300 |a На английском языке. 
610 1 |a плазма 
610 1 |a диагностика 
610 1 |a газовые разряды 
610 1 |a электрическая дуга 
610 1 |a физика 
675 |a 533.9.08  |v 3 
700 1 |a Аубрехт  |b В.  |g Владимир 
701 1 |a Гросс  |b Б.  |g Болеслав 
701 1 |a Протасевич  |b Е.  |g Евгений 
801 0 |a RU  |b 63413507  |c 20011209  |g PSBO 
801 2 |a RU  |b 63413507  |c 20130621  |g PSBO 
942 |c BK